Normal view
MARC view
Entry Personal Name
001 - CONTROL NUMBER
- control field: 37842
003 - CONTROL NUMBER IDENTIFIER
- control field: OSt
005 - DATE AND TIME OF LATEST TRANSACTION
- control field: 20230424143823.0
008 - FIXED-LENGTH DATA ELEMENTS
- fixed length control field: 230424|| aca||aabn | a|a d
040 ## - CATALOGING SOURCE
- Original cataloging agency: OSt
- Transcribing agency: OSt
100 ## - HEADING--PERSONAL NAME
- Personal name: Heimann, C. ,Gluns, D. and Schammann, H.
670 ## - SOURCE DATA FOUND
- Source citation: Work cat.: (OSt)521913: Heimann, C. ,Gluns, D. and Schammann, H. , Characterising two German city networks: The interplay of internal structure, issue orientation and outreach strategies
